The art of anatheism /
Saved in:
| Other Authors: | , |
|---|---|
| Format: | Book |
| Language: | English |
| Published: |
London ; New York :
Rowman & Littlefield International,
[2018]
|
| Series: | Reframing Continental philosophy of religion
|
| Subjects: | |
| Tags: |
Add Tag
No Tags, Be the first to tag this record!
|
| LEADER | 01655cam a2200433 i 4500 | ||
|---|---|---|---|
| 001 | 13073840 | ||
| 005 | 20180227091533.0 | ||
| 008 | 170803s2018 enka b 001 0 eng | ||
| 010 | |a 2017034772 | ||
| 024 | |a 99975328570 | ||
| 035 | |a (OCoLC)ocn995330671 | ||
| 040 | |a DLC |b eng |e rda |c DLC |d YDX |d BTCTA |d BDX |d OCLCF |d OCLCO |d OCLCQ |d YDX | ||
| 019 | |a 995285308 | ||
| 020 | |a 9781786605207 |q hardcover ; |q alkaline paper | ||
| 020 | |a 1786605201 |q hardcover ; |q alkaline paper | ||
| 020 | |a 9781786605214 |q paperback ; |q alkaline paper | ||
| 020 | |a 178660521X |q paperback ; |q alkaline paper | ||
| 035 | |a (OCoLC)995330671 |z (OCoLC)995285308 | ||
| 042 | |a pcc | ||
| 050 | 0 | 0 | |a BL65.A4 |b A78 2018 |
| 082 | 0 | 0 | |a 211 |2 23 |
| 245 | 0 | 4 | |a The art of anatheism / |c edited by Richard Kearney and Matthew Clemente. |
| 264 | 1 | |a London ; |a New York : |b Rowman & Littlefield International, |c [2018] | |
| 300 | |a ix, 303 pages ; |c 23 cm. | ||
| 336 | |a text |b txt |2 rdacontent | ||
| 337 | |a unmediated |b n |2 rdamedia | ||
| 338 | |a volume |b nc |2 rdacarrier | ||
| 490 | 0 | |a Reframing Continental philosophy of religion | |
| 504 | |a Includes bibliographical references and index. | ||
| 650 | 0 | |a Aesthetics |x Religious aspects. | |
| 650 | 0 | |a Atheism. | |
| 650 | 0 | |a Theism. | |
| 650 | 7 | |a Aesthetics |x Religious aspects. |2 fast |0 (OCoLC)fst00798715 | |
| 650 | 7 | |a Atheism. |2 fast |0 (OCoLC)fst00819974 | |
| 650 | 7 | |a Theism. |2 fast |0 (OCoLC)fst01149471 | |
| 700 | 1 | |a Kearney, Richard, |e editor. | |
| 700 | 1 | |a Clemente, Matthew, |d 1989- |e editor. | |
| 776 | 0 | 8 | |i Online version: |t Art of anatheism. |d Lanham : Rowman & Littlefield International, 2017 |z 9781786605221 |w (DLC) 2017042511 |
| 852 | |b glx | ||


